Processing related rheological determination of an EPDM-compound (Record no. 65800)

MARC details
000 -LEADER
fixed length control field 00505nam a2200193Ia 4500
100 ## - MAIN ENTRY--AUTHOR NAME
Personal name Holzer C H
245 #0 - TITLE STATEMENT
Title Processing related rheological determination of an EPDM-compound
260 ## - PUBLICATION, DISTRIBUTION, ETC. (IMPRINT)
Name of publisher Kautschuk Gummi Kunststoffe
Year of publication 1997
300 ## - PHYSICAL DESCRIPTION
Number of Pages 648-652
650 ## - SUBJECT ADDED ENTRY--TOPICAL TERM
Topical Term Energybalance
650 ## - SUBJECT ADDED ENTRY--TOPICAL TERM
Topical Term Injection-moulding
650 ## - SUBJECT ADDED ENTRY--TOPICAL TERM
Topical Term Rheology
650 ## - SUBJECT ADDED ENTRY--TOPICAL TERM
Topical Term Rubber
650 ## - SUBJECT ADDED ENTRY--TOPICAL TERM
Topical Term Wall-slipping
700 ## - ADDED ENTRY--PERSONAL NAME
Personal name Langecker G R
700 ## - ADDED ENTRY--PERSONAL NAME
Personal name Leoben
942 ## - ADDED ENTRY ELEMENTS (KOHA)
Koha item type Journals
Holdings
Withdrawn status Lost status Damaged status Not for loan Home library Current library Shelving location Date acquired Serial Enumeration / chronology Koha item type
      Journals RRII Library RRII Library Rubber chemistry 17/12/2021 Volume 50, Issue 9 Journals